01175nam a2200169Ia 4500001001300000003001000013008004100023040002500064041000700089100003300096245009500129250001100224260003300235300001200268500066000280650006500940b6098-42472 IT-MiCISF161014s9999||||xx |||||||||||||| ||und|| aIT-MiCISFcIT-MiCISF ait aDallanegra Paola (a cura di) 0aLe radici nel futurobLa continuità della relazione genitoriale oltre la crisi familiare a1a ed. a MilanobFranco Angelic2005 app. 190 a / genitorialità, rapporti-genitori-figli, servizi-sociali, crisi-famiglia, adozione, affido / Il volume propone riflessioni teoriche e spunti concreti per affrontare i nodi metodologici che si presentano quando si lavora per la salvaguardia dei legami genitoriali. I casi presentati e la ricerca sull'esito dei trattamenti aiutano il lettore ad entrare in contatto con la complessità di storie familiari, difficili e dolorose, che si scontrano con la giustizia e il sistema dei servizi. Il testo si rivolge in particolare a coloro che operano a contatto con bambini coinvolti in separazioni conflittuali, e a famiglie che attraversano crisi profonde. a Genitorialità e problemi educativi / genitorialitàe004